公式説明文からにじさんじライバーを当てよう - Statistics

General Stats
  • This quiz has been taken 81 times
    31 since last reset
  • The average score is 73 of 143
Answer Stats
Answer Hint % Correct
イブラヒム 元石油王。石油の価値が下がったため、今は偶然掘り当てた温泉で生計を立てている。
95%
シスター・クレア 普段は教会にいて、マザーの元で病気を患った貧しい人の世話や、孤児の面倒をみている。こちらの世界の疲れ気味な人々を少しでも癒そうと、配信を始めた。
90%
突然天使の如く舞い降りてきた超癒し系男子。そして猫のクッションを両手で抱っこしている。話し方もふわふわしている。学生のように見えるが普段何をしているかは不明。甘いボイスで、聞いているこちらの心が洗い流されるようなトークを繰り広げる。
90%
加賀美ハヤト 玩具会社、「加賀美インダストリアル」の若き社長。自社玩具のPRのため、自らライバーとしてデビューすることを決めた。
80%
鈴木勝 バーチャル世界を生きる、永遠に13歳の少年(中学二年生)。普通を嫌い、配信をきっかけに格好良いを極めようとするも空回りしがち。ある日突然身長が伸び、声変わりが来ないかなと思っている。
80%
ベルモンド・バンデラス フランクな性格だが時折意地悪になる。本人曰く、生き物が夢を見るようになった頃から既に存在していたと言う。現在は夢を見る者なら誰でも来られる店のマスターをしており、気まぐれで様々な種族の客を招いている。戸籍がない為、現実の世界で身分証明が出来ないのが悩み。
75%
城瀬いすみ ほしの学園1年生の15歳。「すぷれあ」の最年少で、かわいいものや甘いものが大好き。
70%
星川サラ 自分の可愛さを世界中に届ける事を目指している自称インフルエンサー。イギリスと日本のハーフで、新しいこと、楽しいこと、恋バナが大好き。
70%
司賀りこ 新しく蘭阜の観光大使に抜擢された少女。街では「娘にほしい」と評判。普段は大人しいが、好きなものを紹介するときは興奮して我を忘れてしまうことも…。
70%
長尾景 皇都で祓魔業を営む青年。報酬さえ払えば、どんな仕事も請け負うともっぱらの評判。剣術だけでなく、武術や呪いにも長けている。
70%
レオス・ヴィンセント 日々怪しい薬について研究するマッドサイエンティスト。彼の研究室からは、毎日のように爆発音が聞こえてくるという。
70%
健屋花那 病院で働く女の子。彼女の笑顔で健康になった人は多い。世界中の人々を元気付けようと、ライバー活動を始めた。不器用で、採血は苦手。
70%
不破湊 歌とゲームが大好きなバーチャルホスト。3度の飯より貴女の笑顔。No.1にしてください。
70%
える 友達が欲しくてこの世界のどこかにある森から上京してきたエルフ。お話をするのが好きで、話し始めたら誰にも止められないどんぐりマシンガントーク。〇〇という名前は愛称で、本名はとても長い。
70%
でびでび・でびる 異世界の悪魔。この世界の人間たちに存在を知ってもらい、力を強くするために活動を始めた。目標は全人類を堕落させること。ホラー映画や漫画など、悪魔の勉強は欠かさない。悪魔社会も結構厳しいらしい。
65%
ルンルン ある日空から落ちてきた謎のいきもの。記憶がなく、ありとあらゆる知識を吸収中。たくさん勉強して、いつかこの世界の全てを知りたい。
65%
酒寄颯馬 田舎から上京したてのソムリエ見習い。面倒ごとが苦手で、毎日休みになってほしいが、将来のために勤労する日々。今日ちょっとだるいな……。
65%
花畑チャイカ 元名「〇〇・ブライン」かなり濃いめのエルフ。元は異世界のとある国、とある町で酒場を運営していた主人(ママ)。10年前に現代に飛ばされとある喫茶店のオーナーをしている。勘が鋭く、つおい。
65%
七瀬すず菜 カフェレストラン「Speciale」の朝担当。雨の日も風の日も、根性の力で必ず店をオープンさせる。私がいないと始まらないもんね!
65%
レイン・パターソン 腕利きのボディーガード。かつて命を救われたことから、サメを溺愛している。
65%
文野環 日中は寝てばかりいるが、自分の縄張りを守るため一日数回散歩する。縄張りにくる者には一度襲いかかる。縄張りを奪う気がないとわかると、優しくなり道案内をする。そして猫缶を要求してくる。道端でスマホを拾ったらしい。
65%
葛葉 親の甘い蜜を吸い続けるニートのゲーマー吸血鬼。見た目にそぐわず我が儘で気まぐれな子供っぽい性格で、すぐ調子に乗る悪い癖がある。おまけにかなり現金でお金に目がない救いようのないヴァンパイア。
65%
月ノ美兎 高校2年生。性格はツンデレだが根は真面目な学級委員。本人は頑張っているが少し空回り気味で、よく発言した後で言いすぎたかもと落ち込んだりする。
65%
宇志海いちご 8歳の小学3年生。海辺の町に住んでいる、イチゴミルクウミウシの女の子。お転婆でハツラツとした性格で、毎日学校帰りに海に潜って遊んでいる。好物は桃色のワカメと、いちご味のお菓子全般。
65%
ジョー・力一 正体不明のピエロ。ティーンエイジの終わりに突如天啓を受けて以来、フリーランスの道化師として活動中。トリッキーな容姿や言動とは裏腹に寂しがり屋で、常に人とのふれあいを求めている。が、ピエロゆえに孤独である。
65%
リゼ・ヘルエスタ ヘルエスタ王国の第二皇女。文武両道学園主席、真面目で誰にでも優しくかなりの人望がある。王位継承の資格者として日々鍛錬や人とのコミュニケーションを大事にしている。
65%
緑仙 本名は〇〇。こう見えて日本人。歌うことが好きで活動を通して友達を作ろうと考えている性別不詳。
60%
セラフ・ダズルガーデン 暗殺が生業の家系に生まれ、幼い頃から暗殺技術を磨いてきた。素性には謎が多く、複数の名前を使い分けている。現在は暗殺者を辞め、フリーのエージェントとして仕事を請け負う。
60%
笹木咲 高校2年生。ゲームと水族館が大好きなのんびりした性格の関西女子。好きな生き物はメンダコ(面蛸、英名:Japanesepancakedevilfishは軟体動物門頭足綱八腕類メンダコ科に属するタコの一種)あとパンダ(白黒の生物)も好き。
60%
梢桃音 蘭阜中央街に店を構える香屋の店主。女の子たちの憧れの存在で、彼女のつける香りを真似したい女子が大量発生中。よく女の子たちから恋の相談を受けている姿を見かけるが、実は…?
60%
卯月コウ 有名企業のCEOを父に持つ育ちの良いお坊ちゃん。イギリスと日本のハーフで近寄りがたく思われることを気にしている。無愛想でツンとした印象だが、心を開くと年相応の男子中学生。
60%
四季凪アキラ 代々続く諜報員一家に生まれた腕利きの元・諜報員。今は組織を抜けて小さな事務所を開いている。蜂の巣の駆除から刺客の排除まで請け負う。
60%
社築 33歳男性IT企業の社員、プログラマーでそれなりに優秀。本人は謙虚な性格、いつも疲れた喋り方。優しく流されやすい性格。週休35時間でそれ以外は常に仕事をしている。空いた休み時間に試しに配信をして、何かしら面白いものなど発見できたらいいなと考えてる。
60%
樋口楓 VR関西に住む高校2年生。長身でスタイルも抜群。幼い頃からトランペットが好きで、現在は吹奏楽部に所属している。オシャレをすること、猫と暮らすことが生きがい。好きなものについてもっと知ってほしくて、ライバー活動を始めた。
60%
エクス・アルビオ 突如バーチャル世界に降臨した、異世界の英雄。元の世界に戻る方法を探しているが、ゲームにハマってしまって滞り気味。
60%
伊波ライ 機械いじりの趣味が高じて、ヒーローたちのメカニックを務めることに。さらにその技術を転用して、自分もヒーローになってしまった。場所柄あまり作った機械が理解されないのが悩み。
60%
緋八マナ まだまだ燻っているコメディアン。自分がスベるのは、悪が皆の笑顔を奪ったせいだと思い込んでヒーローになった。
60%
石神のぞみ 悪魔と人間のハーフという設定でSNS上で活動している。本当はただの人間だが、魔力が宿っていると信じている。左腕の包帯は悪魔の力を封じている。
60%
宇佐美リト 力こそパワー。トレーニングは裏切らない。裏切るのはいつも自分自身だ。さぁ!今日もダンベルと手を繋ごう!
60%
小柳ロウ 魔を裂き、妖を切る冷酷な剣士。見かけによらずぐうたらした性格で、休みの日はのんびりオトモの猫と遊んでいる。基本めんどくさがり屋な白狼だが、裏の顔はとある暗殺集団の首領。
60%
壱百満天原サロメ 本当のお嬢様に憧れる一般女性。髪や口調は生まれつき。
60%
魔界ノりりむ 魔界から遊びにやって来たサキュバスの子供。実は悪魔の使命があるのだが、本人はすっかり忘れて今日もゲームに興じている。弱そうと見られがちだが、父は偉大なる魔界の王サタンである。本名:〇〇・キスミー・ラブリーハート=ロリータニア。
60%
ローレン・イロアス 都市警備部隊に所属する青年。往々にして陰謀渦巻く街は、彼をあまり寝かせてくれない。
60%
黒井しば 世にも珍しい喋れる犬。公園に建てたマイハウス(犬小屋)でいろんな動物さんたちと暮らしている。やたら人間くさい仕草をするのは、〇〇の中に飼い主の魂がいたからだった。今は霊体である飼い主と一緒に生活している。
60%
叢雲カゲツ 人里離れた村の忍者集団のエース。水上を走り、懐から梯子を出し、壁を抜けると噂される。クナイや手裏剣に留まらず、あらゆる武器の扱いに長ける。
60%
モイラ 年齢不詳の女神。本人曰く、運命を司っているとか。際どいドレスと背中の大きな羽根が特徴的。今までは好き勝手に人々の運命の赤い糸を繋げたり観察をしたりしていたが、この度天界から配信を始めることにした。性格は少しわがまま。
60%
剣持刀也 16歳の高校2年生。剣道部所属の隠れまじめ系男子。普段は周りと合わせてじゃれているがダメな時はダメという。以前から他の人の配信を見るのが好きで、その憧れから始めた。練習のしすぎで怪我が絶えないので、常に救急セットを所持している。
60%
舞元啓介 39歳の独身農家。若白髪に悩む日本人でスポーツ観戦を何よりも愛している。近所の子供達から白髪のおっさんとしていじられており、正直やめてほしいと思っているが、近所の皆様の目線が怖く強く言えない小市民。
60%
ギルザレンIII世 年齢4000歳のヴァンパイア。人里離れた山奥の豪華な城に住んでいる。同族の中でも高位に属する身分で、他者に対する言動も尊大で高圧的。しかし一方で根は気が弱く、相手に不用意に近付かれると露骨にパニクってしまうヘタレな一面もある。
60%
フミ とある神社に祀られている神様で、50年ほど引きこもっていた。時代遅れな言動や行動を取ってしまうことがある。
55%
椎名唯華 ゲームが大好きな関西弁の高校2年生。実は霊能力者。マイペースな性格で、周りのことは気にせずのほほんとしている。そのせいか、よく色々な霊にとり憑かれ、体をのっとられたりする。
55%
綺沙良 相談したら幸せになれると噂の蘭阜に住む風水師。朝に弱く、起きられなかった日は店休日になるため、彼女に会える確率は低い。彼女に相談できること自体が幸運の始まりなのかもしれない。
55%
篠宮ゆの ほしの学園3年生の17歳。「すぷれあ」の副リーダー。落ち着いた雰囲気で優しそうだが…?
55%
渋谷ハジメ 大学2年生。よく家にひきこもっている。人と直接話すのが苦手で、克服しようと思い配信を始めた。アニメやゲームが好き。グッズ集めも好き。
55%
北小路ヒスイ 潜入先の世怜音女学院の調査を終え、本来の姿に戻って日々任務に勤しんでいる。たまに中学生の姿になりセレじょのみんなと平穏な日々を過ごしている
55%
愛園愛美 メイド喫茶で働くお姉さん。意味深な言動でお客さんを惑わす存在。色々とセンシティブだが、TPOをわきまえられる常識人な一面も。
55%
佐伯イッテツ 変身デバイスを最近手に入れた学生。まだ技術面は半熟なヒーロー見習いだが、ハートの強さは敵知らず。一徹無垢な英雄譚はここから始まる。らしい。
55%
えま★おうがすと 魔界から逃げ延びた女の子。王族出身でいわゆる「魔王」の器だが……。食うに困って、ライバー活動を始めた。いつか魔王に返り咲く日を夢見ている。
55%
夢追翔 声が大きい33歳の男性ミュージシャン。潰れる寸前のライブハウスにお客さんを呼ぶため、配信を始めた。楽器は苦手だが作曲と歌が得意で、自分の曲を世界中の人に聴いてもらうのが夢。お金がないのでライブハウスに住み込んでおり、夜な夜なもやしを炒めて生活している。
55%
榊ネス とある名家に仕える執事。所作が美しく、高貴な雰囲気を携えている。主人の指示であれば、どんな事でも完璧にこなす。
55%
渡会雲雀 怪盗一家の跡取り。人の心を掴む正義の「快盗」に憧れている。金銭目的の盗みはしないので、カフェのアルバイトで生計を立てている。
55%
一橋綾人 多くの患者を抱えるスーパーエリート精神科医。様々な悩みを抱える患者との対話に日々努めている。
55%
本間ひまわり ゲームと猫が大好きな高校2年生。最近友達が欲しくて配信をはじめた。普段は明るくて少し天然だが、ゲームをすると…!?なぜかいつも頭にひまわりを付けていて、嫌な事があるとひまわりで花占いを始める。
55%
甲斐田晴 皇都でも著名な、「魔」の研究者。屋敷で研究に没頭しており、その姿を知る者は少ない。切れ者だが怠け者でもあるため、興味のないことには関わろうとしない。
55%
栞葉るり 正義の名の下に、日々街の平和を守る犬のお巡りさん。実は由緒正しき良家の生まれだが、その割には自由奔放。趣味は読書で、業務時間以外は本に齧りついている。
55%
風楽奏斗 マフィア一家の息子。根が優しく、家業に疑問を持つ一方、首領としての才覚は超一流。現在の職業は青年実業家で、カフェやレストランを経営している。
55%
魁星 暗い小道でひっそりと「鍵屋」を営む青年。開くことから閉じることまで、彼に対応できないことはない。常に飄々としており、その本意は計り知れない。
55%
オリバー・エバンス 若くして教授にまで上り詰めた。顔が良いこともあり、彼の授業には女生徒が非常に多い。生徒からは「プロフェッサー(Prof)」と呼ばれている。
55%
夕陽リリ 16歳の高校1年生。未来人の女の子。悪戯好きで、よくいろんなことをやらかす。現代の電波をジャックして、悪戯の一環として配信をはじめた。
55%
渚トラウト 独特な雰囲気を漂わせるのんびりした青年。料理をすることは好きだが、気分が乗らない日はフラフラと外に出ていってしまうらしい。今日はこのまま寝ちゃおっかな~。
55%
雲母たまこ 将来は立派なシェフになりたい最年少の看板娘。オムライスが好き。いまはまだお手伝いだけど、いつかみんなみたいに立派に働きたいな!
55%
獅子堂あかり 元キッズモデル。小柄で可愛らしい印象だが、小さい時からプロとして活動していたため負けず嫌いで頑張り屋。認めた相手に対しては気安い。
50%
早乙女ベリー 自分の欲求に素直でわがままな専門学生アルバイター。三度の飯より甘いもの。あっウソウソ!やっぱりしょっぱいものも食べたいよね!
50%
立伝都々 気を抜くと全てを破壊してしまうバーサーカー。正義感が強く、人助けをするために「お助け部」に所属中。しかしながら、現在の依頼完遂率は約12%。
50%
ルイス・キャミー 闇夜を駆ける女怪盗。欲しい物のためなら、どんな場所にも忍び込む。実はこの名前も偽名の1つで、本名は誰も知らないらしい。
50%
神田笑一 22歳の大学生で放送関係の勉強をしている。人と話すのが好きだが、たまにグサっと来るようなキツい事を言ってしまう。「やりすぎた!」と後から反省するような、見た目に反して根がマジメな奴。糸目な事を気にしているらしい。
50%
ニュイ・ソシエール 偶然こちらの世界にやってきた魔女。元いた世界への帰り方を探しているようだが……配信を利用して、この世界の情報を収集している――というのは建前で、本当のところは息抜きがしたいだけらしい。
50%
山神カルタ 日々山で修行に勤しむ、一人前の烏天狗。休みの日は、内緒で人里まで降りたりしているとか、いないとか。翼は自由に出し入れできる。
50%
花籠つばさ 大阪から転校してきたほしの学園3年生の18歳。「すぷれあ」のお兄ちゃん的存在でみんなに頼られる存在。
50%
天宮こころ 「龍」と対話できる一族の巫女。箱入り娘として育てられてきたため、配信活動を通して世の中のことを学んでいる。自由奔放で自分の好きなことに正直な頑張り屋さん。
50%
夜見れな バーチャル世界に舞い降りた、アイドルマジシャン。ミステリアスな雰囲気が、観衆を魅了してやまない。しかし、マジックの腕は…ファンとの交流の場として、配信を利用したいらしい。
50%
星導ショウ なんでも見るが、なんにも分からない鑑定士。宇宙の全てを受け入れようとした結果、自分自身の素性もわからなくなってしまった。
50%
ミラン・ケストレル 怪しげな工房に住む、妖しげな時魔道士。1日中魔術の研究に明け暮れており出不精。魔術以外の様々な分野の学問にも興味関心を示し、しばしば本職を忘れがち。
50%
静凛 高校3年生。学園モノのキャラクター達の先輩的なポジション。性格は穏やかで後輩を優しく指導する皆から頼られるお姉さん。学校問わず多くの男子からアプローチを受けるが、さらりとかわす。
50%
皇れお ほしの学園2年生の17歳。「すぷれあ」のリーダーでみんなをまとめている!…と思っている。
50%
北見遊征 日々悪しきものと戦っている新米呪術師。いつか呪術の力で世界をクールにすることが夢だが、今はまだ師匠の使いっ走りである。
50%
五木左京 株式会社HAPPYLOVEIT(通称はぴらび)で年間トップの営業成績を誇るスーパーエリートセールスマン。寡黙そうな見た目と反して、自社の商品に対する愛情は人一倍。皆さんも「うさぶー」と幸せになりませんか?
50%
轟京子 服飾の専門学校を卒業し、大人になった魂のギャル。とにかく盛るのが好きで、色々な箇所を自分でデコレーションする。世界に「カワイイ」の文化を広めたくて、実は真面目に勉強していて、いつか自分のブランドを立ち上げるのが夢。芯の強い子。
45%
伏見ガク 普段はアルバイトやサークルのバンド活動に勤しむ大学生。性格は犬っぽく純粋に楽しいことが大好き。いろんな人とお喋りしたくて配信を始めた。チャラそうに見えるが周りの人を気遣ったりと優しい。楽しんでなさそうな人がいると「楽しんでる?」と声をかけたりする。
45%
海妹四葉 「チャレンジしてから考える」タイプの、七転び八起き貧乏学生。新しく楽しい挑戦を求めた結果、配信活動を始めることにした。頼られようと本人は振舞っているつもりが、なぜかいつも心配されてしまう。
45%
赤羽葉子 渋谷の高校に通っていた18歳の女子高生。オカルト研究部の部長であり、怪談や降霊術などが大好き。彼女の高校には不思議なうわさがあり、放課後になると奇妙な古いチャイムの音が聞こえてくるらしい。
45%
倉持めると キュートなものが大好き。大好きなものが似合う女の子になるべく日々努力を忘れない。手に持っている熊は「ルネ」。お腹の中にはひみつ道具が…?
45%
十河ののは 他人を喜ばせることが大好きな茶屋のサラマンダー。可愛いものが大好き!可愛いものを見るときは興奮して火を吹かないように気をつけている。
45%
鷹宮リオン 有数の金持ちが集う魔法学校、私立帝華高校の2年生、17歳。政治家の娘で高飛車なツンデレタイプだが、学校では風紀委員に所属しており気さくな優等生を演じている。土日は社会見学の為メイド喫茶でバイト中。
45%
蝸堂みかる 毎日のんびり自由気ままに生きていきたいカタツムリ。自由な一方、人の感情や行動には過敏。危ない事とかしないでのんびりしていきたいよね~。
45%
森中花咲 10才、小学4年生の普通の女の子……と思いきや、にじさんじの科学技術で体の年齢を変える薬を発明し、大人の姿にも変身できるスーパー小学生……!?15才や22歳に変身をして、相手を困らせてからかうことも。元気で活発的な女の子でクマとオシャレが大好き。色んな姿でコーデやメイクを楽しんでいる。
45%
珠乃井ナナ ランフー大サーカス随一のパフォーマー。来てくれたお客様を笑顔にするべく、歌と(ちょっと苦手な)踊りを日々鍛錬!サーカスのライオンとは、日々食事を奪い合う仲。
45%
春崎エアル 26歳で異国の王子。穏やかな性格で人と接するのが得意。好きな話になるとつい長話になってしまう。大人っぽいが自他ともに認める甘党である。
45%
周央サンゴ 今年度から学院中等部に通い始めた1年生。持ち前のおっとりとした雰囲気で、場の空気を和ませる存在。
45%
夜牛詩乃 牛鬼の家系に生まれた食欲旺盛な女の子。マイペースで、家のお使いの内容を忘れてしまうこともしばしば。いつか′′きゃりあうーまん′′になりたいと思っている。
45%
町田ちま 16歳の高校二年生。歌手になることが夢で日々歌の練習に励んでいる。夢の実現に少しでも繋がればと思い配信を始めた。一人暮らしは寂しいので、ゴンザレスという名前のハムスターと一緒に暮らしている。
45%
弦月藤士郎 皇国に仕える官吏。「神」の管理や、「神」との連絡役を任されている。変わり者が多い「神」を相手に抜け目のない仕事をしており、周囲からの評価は高い。
45%
矢車りね 11歳の少女。進学校に合格するために日々努力しているが、少し抜けているところもあり、真面目にみえるよう時々メガネをかけている。家で大事に育てられてきた矢車菊の花がお気に入り。いつかその花言葉が似合うような素敵な女性になりたいと思っているが…
45%
シェリン・バーガンディ 世の中の「謎」を追い求める青年。しがない探偵稼業を営む。優秀だが何故か客には恵まれない。
45%
ラトナ・プティ 冒険の途中でひょんなことから異世界からこちらの世界に飛んできてしまった元冒険家のレッサーパンダ。マイペースな性格で元の世界に戻ることを忘れ、こちらの世界のゲームなどに没頭している。なぜか一応言葉は通じている。
45%
小野町春香 由緒ある旅館の若女将を務める高校生。しかし人見知りなため、それを克服しようと配信を始めた。思ったことがつい口に出てしまう。
45%
アンジュ・カトリーナ ボロボロの小屋で時間を忘れて錬金術の研究に明け暮れている。大人っぽい女性的な体に憧れており、実はその研究をしているとかしていないとか。
45%
戌亥とこ 寂れた和風喫茶で働く女の子。店長の趣味でメイド服を着せられている。足下に見え隠れする尻尾が本物かどうかは、触れた人のみぞ知る。
45%
ドーラ 年齢358歳のファイアードレイクが人間に変身した姿。自身が守っている財宝の中に紛れ込んでいたスマホを発見し、配信をはじめた。人間の文化に魅了され、今ではすっかり俗世に染まって威厳はどこへやら…人が作るおいしい食べ物や歌、アニメ、ゲームに興味津々!
45%
フレン・E・ルスタリオ コーヴァス帝国の女騎士。目的のためなら手段を選ばない。因縁の相手を探し続けている。
45%
赤城ウェン 旅行のことを冒険と称して旅する学生。気がついたら人助けをしているが、本人にその自覚はない。自分の作ったご飯を振る舞うのが趣味。
40%
西園チグサ 学院高等部に通う2年生。運動神経抜群で、学院最強の助っ人。好奇心旺盛な性格で、学院ではとにかく顔が広い。
40%
先斗寧 関西出身の、異界と現代を繋ぐ雑貨屋でアルバイトする学生。雑貨屋に住み着く妖精が見えるようになったのだが、ブルーベリーの食べすぎのせいかもしれない。
40%
来栖夏芽 音楽とヒツジをこよなく愛する新人作家。興味のあることには何でも挑戦してみようと思い、配信を始めた。絵を描いたり字を書いたり、創作全般が趣味。
40%
雪城眞尋 お芝居が好きな女の子。配信活動を通してたくさんの出会いや愛情に支えられながら、辛い過去を乗り越えてきた。雪の結晶が、今日もそこで輝いている。
40%
桜凛月 桜第一惑星から自分探しのためにやってきた桜の妖精のプリンセス(樹齢19年)。ちょっぴりおっちょこちょいだけど、元気が取り柄の女の子。地球のサンプル探しに夢中になりすぎて、すぐ迷子になる。
40%
猫屋敷美紅 人間のことが大好きな猫又。新しい事に興味津々!自分の趣味には無我夢中!最近のMyトレンドは猫を被る事。
40%
竜胆尊 一見幼い姿をしているが、数千年の時を生きる鬼の女王。好奇心旺盛な性格で人間の文化に興味津々だが、立場上あまり人里に降りることができず流行には疎い。配信を通じてたくさんの人の子や文化に触れ合いたいと考えている。
40%
アルス・アルマル 駆け出しの魔法使い。魔法使いの世界は色々と大変らしく、その息抜きとして配信活動を行っている。
40%
語部紡 とある学園の図書室にいる地縛霊。自分が霊であると自覚している。普段は大人しくしているが、本の話や自分の知らないことを聞くときはテンションが高い。
35%
三枝明那 大きな志を持ち、何事にも全力で臨む大学生。日々、同じ目標を掲げる「同志」を探しているが、彼の熱意に応えてくれる存在はいまだ現れていない。同志を見つけるべく、配信を始めた。
35%
白雪巴 物腰柔らかなお姉さんだが、モットーは弱肉強食。未亡人のような色気をまとうが、実際はまだ未婚で、今はお相手探しの真っ最中。配信では、意外な一面を見せることも……?
35%
東堂コハク 学院高等部に通う3年生。いわゆるお嬢様だが、そう感じさせない振る舞いが彼女の魅力。
35%
レヴィ・エリファ 人間界に遊びに来た魔物と人間の間に生まれた亜人。ハーフとして生まれたこともあり、どうすれば人間と魔物が仲良くなれるか試行錯誤の日々を過ごし、配信を試みることにした。
35%
葉加瀬冬雪 実験大好き系女子高生。常に怪しい薬品を持ち歩いている。本人曰く、どの薬にもすごい効果が込められているらしいが……。
35%
鏑木ろこ 18歳の大学1年生。大好きな地元の遊園地を自分の手で再オープンさせるため、力を貸してくれる仲間を探している。休日は宣伝を兼ねて近所の商店街できぐるみを着てビラ配りをしているが、効果は今ひとつ。
35%
ましろ爻 記憶を断片的に失っている。都市伝説を求め深夜彷徨い歩いているが、ある組織に捕まっては脱走を繰り返している。
35%
ソフィア・ヴァレンタイン マスコットキャラクター「ころびっと」が大好きなオタク。様々な表情の「ころびっと」を常に持ち歩いている。基本的にネット弁慶でテキスト上では饒舌だが、話すとおどおどする。
30%
早瀬走 アウトドア大好きな女子。コスプレ、ロードバイクなど興味の範囲は広い。自慢の一台に跨がり日本中を駆け回って、将来の目標を探している
30%
小清水透 マイペースな趣味人。ゲームと音楽が好き。基本的にあまり他人に興味はない。自分の好きなものを究極まで突き詰める。今は「茎わかめ」に夢中。
30%
水面まどか 流行りの服とメイクでキメてるけど、実は創作にかける情熱は誰にも負けないギャル。ファッションもメイクも、日常で目にするもの全部をイラストや表現のネタにしちゃう。いつか自分の作品をアニメにして、みんなに届けるのが夢。
30%
物述有栖 16歳の高校1年生。転校を繰り返すが、別に帰国子女と言うわけでもない。母がイギリス人、父が日本人のハーフだが、日本生まれ日本育ちの生粋の日本人。目立ちたがり屋でこの容姿を生かして、わざと外国人っぽく振舞っている。
25%
白砂あやね いつも真面目で、授業も部活も完璧にこなす優等生。しかし実は、いつもノートの端には物語のワンシーンやキャラクターのスケッチが描かれている。いつか自分の声や描いた物語で、たくさんの人を楽しませたいと思っている。
25%
雨森小夜 図書委員を務める高校生。物静かそうな見た目とは裏腹に、意外とお喋り好き。放送部に参加しており、その際は顔が見えないことをいいことに普段とは全く違うテンションで話すことも多い。緊張するとセーラー服のスカーフを触る癖がある。
25%
家長むぎ 21歳の大学1年生。食べることが大好きだが、料理が壊滅的に下手。美術館巡りや読書も好きで、小説を書いたりと多趣味。目が悪くゴミ袋と猫をよく見間違える。友達をつくりたくて配信を始めた。
25%
天ヶ瀬むゆ 夢を食べる半人半妖。寝ている人の悪い夢を、良い夢に変えることができる。普段は周囲にバレないよう気をつけているが、自身も様々な夢を見たいと配信活動を始める。しかし未だ本人の寝つきは悪い。
25%
エリー・コニファー “花の妖精”。手入れの行き届いた屋敷の庭で生まれた。今はその屋敷で、住み込みのメイドとして働いている。屋敷に暮らす家族のことが大好き。
25%
葉山舞鈴 自然が大好きな心やさしい女の子。大好きな町をもっと有名にするべく、配信を始めた。ちょっぴり人見知りで、恥ずかしがり屋さんだが、独創的すぎる言動でいつもみんなを混沌へ導いている。苦手なものは、ゲームの水中ステージ全般。
25%
魔使マオ 使い魔。主人のために人間を惑わすのが仕事だが、ポンコツなのであまり役に立っていない。迷子防止のためにもらったスマホで、配信をしている。
25%
飛鳥ひな 17歳の高校2年生。総合病院の院長の一人娘でありマイペースな性格。グミ好き。熱中すると早口になる。思いつきを形にするのが得意で文章を読んだり書いたりするのが好き。
15%
五十嵐梨花 いつも元気なことが取り柄のギャル。体力が有り余っている。楽しいことを探すべく、よく散歩をしている。髪の毛のメッシュは生まれつき。
15%
空星きらめ 大舞台での活躍を夢見る高校生。自分の力で夢を叶えようと、この世界に飛び込んだ。今は関わる人みんなを笑顔にすることが目標。
10%
夢月ロア 人間にイタズラをするために魔界からやってきた13歳の悪魔。本人は一人前の悪魔のつもりだが、性格の良さゆえ結果的に人助けをしてしまい、いつも空回りしている。配信を通してイタズラをしてやろうと企んでいる。
5%
No matching quizzes found
Score Distribution
Percent of People with Each Score
Percentile by Number Answered
Your Score History
You have not taken this quiz since the last reset